Rast konkurenčnej výkonnosti slovenskej ekonomiky

Zvyšovanie konkurenčnej výkonnosti slovenskej ekonomiky. Výber z knihy doc. Ing. P. Baláža. Závislosť konkurenčnej výkonnosti ekonomiky od miery pridanej hodnoty, vnútornej štruktúry ekonomiky a kooperačných väzieb v medzinárodnom ponímaní. Porovnanie hodnoty HDP a vývozu na obyvateľa v krajinách OE...

ver descrição completa

Na minha lista:
Detalhes bibliográficos
Autor principal: Baláž, Peter
Formato: Capítulo de Livro
Idioma:eslovaco
Assuntos:
Tags: Adicionar Tag
Sem tags, seja o primeiro a adicionar uma tag!

MARC

LEADER 00000naa a2200000 4500
001 r021890
005 20230801105359.9
041 0 |a slo 
044 |a SK 
245 1 0 |a Rast konkurenčnej výkonnosti slovenskej ekonomiky  |c P. Baláž 
520 |a Zvyšovanie konkurenčnej výkonnosti slovenskej ekonomiky. Výber z knihy doc. Ing. P. Baláža. Závislosť konkurenčnej výkonnosti ekonomiky od miery pridanej hodnoty, vnútornej štruktúry ekonomiky a kooperačných väzieb v medzinárodnom ponímaní. Porovnanie hodnoty HDP a vývozu na obyvateľa v krajinách OECD v r.1994. Konkurenčná výkonnosť a jej úloha pri rozvoji ekonomiky. Vecné prvky konkurenčnej výkonnosti: technická úroveň, strategické rozhodnutia a snahy. Proexportná politika a hospodárstvo. 
610 2 0 |a konkurencieschopnosť 
610 2 0 |a Slovensko 
610 2 0 |a rozvoj hospodársky 
610 2 0 |a kooperácia hospodárska medzinárodná 
610 2 0 |a produkt domáci hrubý 
610 2 0 |a vývoz 
610 2 0 |a OECD 
610 2 0 |a 1994 
610 2 0 |a politika zahraničnoobchodná 
610 2 0 |a podpora vývozu 
100 1 |a Baláž, Peter